[Event "Falconara 2023"]
[Site "Falconara Marittima"]
[Date "2023.01.07"]
[Round "5"]
[White "Foglia, Maurizio"]
[Black "Spilli, Andrea"]
[Result "1-0"]
[WhiteElo "1985"]
[BlackElo "1888"]
[Annotator " "]
[PlyCount "105"]
[EventDate "1993.10.??"]
[EventType "swiss"]
[EventRounds "9"]
[EventCountry "ITA"]

1. d4 g6 2. e4 Bg7 3. Nc3 c5 4. dxc5 Qa5 5. Nge2 Nf6 6. Qd3 Qxc5 7. Be3 Qa5 8.
f3 Nc6 9. Nd4 O-O 10. Nb3 Qc7 11. Qd2 d6 12. h4 Ne5 13. O-O-O Nh5 14. Nd5 Qd8
15. Bh6 Ng3 16. Bxg7 Kxg7 17. Rh2 Nxf1 18. Rxf1 h5 19. Ne3 f5 20. exf5 gxf5 21.
f4 Ng4 22. Nxg4 fxg4 23. g3 Bf5 24. Nd4 Rc8 25. Re1 Qd7 26. Rhe2 Rce8 27. Ne6+
Kg8 28. Qd5 Rf7 29. Nd4 Kg7 30. Ne6+ Bxe6 31. Rxe6 Rh8 32. Qg5+ Kf8 33. f5 Rhh7
34. Rg6 Rh8 35. Rge6 Rhh7 36. f6 exf6 37. Rxf6 Rxf6 38. Qxf6+ Kg8 39. Qg6+ Kf8
40. Rf1+ Rf7 41. Rxf7+ Qxf7 42. Qxd6+ Kg7 43. Qe5+ Kg6 44. Qg5+ Kh7 45. Qe5
Qf1+ 46. Kd2 Qg2+ 47. Kc3 Qc6+ 48. Kd4 Qxc2 49. Qxh5+ Kg8 50. Qxg4+ Kh8 51.
Qh5+ Kg7 52. Qe5+ Kf8 53. Qc5+ 1-0